000
00302nam a22001217a 4500
008
181019b xxu||||| |||| 00| 0 eng d
041
_a
eng
080
_a
321
100
_a
16
101
_a
POL
245
_a
Communicative Disorders Related To Cleft Lipand Palate
_c
Kenneth.R.R
942
_2
udc
_c
BK
999
_c
50235
_d
50235